=LDR 00000nam 2200000 4500 =001 INLIS000000000022356 =005 20130612121124 =008 ***********************************Ind** =035 ##$$0010-061300000022356 =041 ##$$a Ind =082 ##$$a 616.858 9 =090 ##$$a 616.858 9, Mul m =100 ##$$a Mulyono, Rachmad =245 ##$$a Menangani anak hiperaktif, panduan orang tua dan guru dalam membimbing anak yang mengalami gangguan pemusatan perhatian GPPH dan hiperaktivitas, Rachmad Mulyono =260 ##$$a 2003 $b Jakarta =300 ##$$a 74 hlm, ilus, 21 cm =650 ##$$a Hiperaktif =850 ##$$a NBPNMAT